[Event "11. Lichtenberger Sommer"]
[Site "Berlin"]
[Date "2012.08.26"]
[Round "9.43"]
[White "Breitwieser, Jasmin"]
[Black "Lämmel, Sebastian"]
[Result "1-0"]
[WhiteElo "1938"]
[BlackElo "1888"]
[PlyCount "119"]
[EventDate "2012.??.??"]
[WhiteTeam "Sfr. Frankfurt 1921"]
[BlackTeam "SV Cranzahl 1962"]

1. d4 Nf6 2. Nf3 g6 3. c4 Bg7 4. Nc3 d5 5. e3 O-O 6. Be2 c5 7. O-O cxd4 8. exd4
dxc4 9. Bxc4 Nc6 10. a3 Bg4 11. d5 Ne5 12. Be2 Nxf3+ 13. Bxf3 Bxf3 14. Qxf3 Qd7
15. Bg5 Ne8 16. Rfe1 Bf6 17. Bxf6 Nxf6 18. Rad1 Qd6 19. Nb5 Qc5 20. d6 exd6 21.
Nxd6 Ne8 22. Nxb7 Qb6 23. Nc5 Nf6 24. b4 a5 25. Nd7 Nxd7 26. Rxd7 axb4 27. Rb7
Qa6 28. axb4 Rab8 29. Rxb8 Rxb8 30. Qf4 Qa7 31. h4 Rb5 32. Qf6 Qb8 33. Qc6 Re5
34. Rxe5 Qxe5 35. Qc5 Qxc5 36. bxc5 Kf8 37. g4 Ke7 38. Kg2 Ke6 39. Kf3 Kd5 40.
Kf4 f6 41. g5 Kxc5 42. gxf6 Kd6 43. Kg5 Ke6 44. Kh6 Kxf6 45. Kxh7 g5 46. h5 g4
47. Kh6 Kf5 48. Kg7 Kf4 49. h6 Kf3 50. h7 Kxf2 51. h8=Q g3 52. Qh4 Kf3 53. Qh3
Kf2 54. Qf5+ Kg1 55. Kg6 g2 56. Kg5 Kh2 57. Qf2 Kh1 58. Qh4+ Kg1 59. Kf4 Kf1
60. Qh3 1-0

[Event "11. Lichtenberger Sommer"]
[Site "Berlin"]
[Date "2012.08.26"]
[Round "9.45"]
[White "Geißler, Felix"]
[Black "Witte, Ronald"]
[Result "0-1"]
[WhiteElo "1766"]
[BlackElo "2034"]
[PlyCount "80"]
[EventDate "2012.??.??"]
[WhiteTeam "SC Kreuzberg e.V."]
[BlackTeam "BSV 63 Chemie Weißensee"]

1. e4 c5 2. Nf3 d6 3. d4 cxd4 4. Nxd4 Nf6 5. Nc3 a6 6. Be2 e5 7. Nb3 Be6 8. Be3
Be7 9. O-O O-O 10. Qd2 Nbd7 11. a4 Rc8 12. a5 Nc5 13. Nxc5 dxc5 14. Rfd1 Qxd2
15. Rxd2 Rfd8 16. Rad1 Rxd2 17. Rxd2 Rd8 18. Rxd8+ Bxd8 19. Bxc5 Bxa5 20. b4
Nd7 21. Bd6 Bd8 22. Na4 b5 23. Nc5 Nxc5 24. bxc5 f6 25. c6 Kf7 26. f4 Bb6+ 27.
Kf1 exf4 28. Bf3 Ke8 29. e5 f5 30. Ke2 g5 31. c7 Kd7 32. Bb7 Bxc7 33. Bxa6 Bc4+
34. Kd2 Bxd6 35. exd6 Kxd6 36. Bc8 Ke5 37. h3 Bd5 38. Bd7 b4 39. Kd3 Be4+ 40.
Kd2 Bxg2 0-1

[Event "11. Lichtenberger Sommer"]
[Site "Berlin"]
[Date "2012.08.26"]
[Round "9.46"]
[White "Schmidt, Jürgen"]
[Black "Albinus, Günter"]
[Result "1/2-1/2"]
[WhiteElo "2055"]
[BlackElo "1819"]
[PlyCount "86"]
[EventDate "2012.??.??"]
[WhiteTeam "SC Kreuzberg e.V."]
[BlackTeam "SG Weißensee 49 e.V."]

1. e4 c5 2. Nf3 d6 3. d4 cxd4 4. Nxd4 Nf6 5. Nc3 a6 6. Bc4 e6 7. Bb3 Be7 8. O-O
O-O 9. a4 Nc6 10. Kh1 Qa5 11. Be3 Bd7 12. f4 Nxd4 13. Bxd4 e5 14. fxe5 dxe5 15.
Bf2 Bg4 16. Qe1 Bb4 17. Qe3 Bxc3 18. bxc3 Be6 19. Bh4 Bxb3 20. Bxf6 gxf6 21.
cxb3 Rac8 22. Rf3 Rc6 23. Raf1 Qd8 24. Rf5 Kg7 25. Rh5 Rh8 26. Qh6+ Kg8 27. Rh3
f5 28. Rg3+ Rg6 29. exf5 Rxg3 30. hxg3 f6 31. Qh5 Kg7 32. Rd1 Qc8 33. Qg4+ Kf7
34. Qh5+ Ke7 35. Qf3 Kf7 36. Qh5+ Ke7 37. Qf3 Kf7 38. Qd5+ Kg7 39. Qd7+ Kh6 40.
Qd2+ Kg7 41. c4 Rf8 42. g4 Rf7 43. Qd3 Qc5 1/2-1/2

[Event "11. Lichtenberger Sommer"]
[Site "Berlin"]
[Date "2012.08.26"]
[Round "9.47"]
[White "Gelemerov, Yane"]
[Black "Schmalzried, Volker"]
[Result "1-0"]
[WhiteElo "2033"]
[BlackElo "1858"]
[PlyCount "57"]
[EventDate "2012.??.??"]
[WhiteTeam "Krakra Pernik"]
[BlackTeam "Umweltbundesamt"]

1. e4 c5 2. Nc3 Nc6 3. f4 e6 4. Bb5 Nge7 5. Nf3 g6 6. e5 Bg7 7. Ne4 O-O 8. O-O
Nd5 9. Bxc6 bxc6 10. d3 c4 11. dxc4 Qb6+ 12. Nd4 Ne7 13. b3 Nf5 14. c3 d5 15.
c5 Qc7 16. Nd6 f6 17. g4 Nh4 18. Qe1 fxe5 19. fxe5 Rxf1+ 20. Kxf1 Ba6+ 21. Kg1
Rf8 22. Qxh4 Rf1+ 23. Kg2 Bxe5 24. Bb2 Rxa1 25. Bxa1 Bxd6 26. cxd6 Qxd6 27. Qf6
Bc8 28. c4 c5 29. Nf5 1-0

[Event "11. Lichtenberger Sommer"]
[Site "Berlin"]
[Date "2012.08.26"]
[Round "9.48"]
[White "Sawlin, Leonid"]
[Black "Matitschka, Heinz"]
[Result "1-0"]
[WhiteElo "1952"]
[BlackElo "1870"]
[PlyCount "49"]
[EventDate "2012.??.??"]
[WhiteTeam "TuS Makkabi Berlin e.V."]
[BlackTeam "TSG Oberschöneweide e.V."]

1. e4 e6 2. d4 d5 3. Nc3 Bb4 4. e5 c5 5. a3 Bxc3+ 6. bxc3 Ne7 7. Qg4 Qc7 8.
Qxg7 Rg8 9. Qxh7 cxd4 10. Ne2 Nbc6 11. f4 Bd7 12. Qd3 Nf5 13. cxd4 Na5 14. h3
a6 15. a4 Nc4 16. g4 Qa5+ 17. Bd2 Qxd2+ 18. Qxd2 Nxd2 19. Kxd2 Nh4 20. Ng3 Rc8
21. Nh5 Ke7 22. Bd3 Rc7 23. f5 exf5 24. Nf6 Rgc8 25. Nxd5+ 1-0

[Event "11. Lichtenberger Sommer"]
[Site "Berlin"]
[Date "2012.08.26"]
[Round "9.49"]
[White "Jeremic, Dusan"]
[Black "Schwedek, Tony"]
[Result "1-0"]
[WhiteElo "2210"]
[BlackElo "1862"]
[PlyCount "67"]
[EventDate "2012.??.??"]
[WhiteTeam "BSC Rehberge 1945 e.V."]
[BlackTeam "SC Zitadelle Spandau 1977 e.V."]

1. e4 e5 2. Nf3 Nc6 3. Nc3 Nf6 4. d4 exd4 5. Nxd4 Bb4 6. Nxc6 bxc6 7. Bd3 d5 8.
exd5 cxd5 9. O-O O-O 10. Bg5 c6 11. Qf3 Be7 12. Rfe1 h6 13. Bh4 g5 14. Bg3 Bg4
15. Qe3 Re8 16. Be5 Bd6 17. Qg3 Rxe5 18. Rxe5 Qc7 19. Rae1 Bxe5 20. Rxe5 Qd7
21. h3 Bh5 22. f4 Ne4 23. Nxe4 dxe4 24. Rxe4 Bg6 25. Rc4 Bxd3 26. cxd3 f6 27.
Qf3 Rd8 28. Qxc6 Qxd3 29. Qe6+ Kg7 30. Rc7+ Kg6 31. Qf7+ Kf5 32. Rc5+ Kxf4 33.
Qxf6+ Kg3 34. Qf2# 1-0

[Event "11. Lichtenberger Sommer"]
[Site "Berlin"]
[Date "2012.08.26"]
[Round "9.51"]
[White "Wirth, Heinz"]
[Black "Räcke, Norbert"]
[Result "1/2-1/2"]
[WhiteElo "1988"]
[BlackElo "1835"]
[PlyCount "100"]
[EventDate "2012.??.??"]
[WhiteTeam "SC Weisse Dame e.V."]
[BlackTeam "Queer-Springer SSV Berlin"]

1. e4 e6 2. d4 d5 3. Nd2 Be7 4. Ngf3 Nf6 5. e5 Nfd7 6. Bd3 c5 7. c3 Nc6 8. O-O
a5 9. a4 cxd4 10. cxd4 Nb4 11. Be2 Nb6 12. Nb1 Bd7 13. Nc3 O-O 14. Ne1 Rc8 15.
f4 f6 16. Nf3 Nc4 17. Kh1 fxe5 18. Bxc4 exd4 19. Bb3 dxc3 20. bxc3 Rxc3 21. Ne5
Bf6 22. Re1 Bxe5 23. Rxe5 Rd3 24. Bd2 Rxf4 25. Bc2 Rxd2 26. Qxd2 Qf6 27. Ree1
Rf2 28. Bxh7+ Kxh7 29. Qe3 Nc2 30. Qd3+ Kg8 31. Rac1 Nxe1 32. Rxe1 Bxa4 33. Kg1
Bc6 34. Qg3 d4 35. Qxf2 Qxf2+ 36. Kxf2 Kf7 37. Ke2 e5 38. Kd3 Ke6 39. Kc4 Kd6
40. h4 Bxg2 41. Rg1 Bd5+ 42. Kd3 Kc5 43. Rxg7 e4+ 44. Kc2 e3 45. Re7 Kc4 46. h5
d3+ 47. Kc1 Bf3 48. Rxe3 Bxh5 49. Re5 Be2 50. Rxa5 b6 1/2-1/2

[Event "11. Lichtenberger Sommer"]
[Site "Berlin"]
[Date "2012.08.26"]
[Round "9.52"]
[White "Badestein, Hartmut"]
[Black "Grassi, Fabrizio"]
[Result "1/2-1/2"]
[WhiteElo "2099"]
[BlackElo "1933"]
[PlyCount "47"]
[EventDate "2012.??.??"]
[WhiteTeam "SC Friesen Lichtenberg e.V."]
[BlackTeam "SV Berlin-Friedrichstadt"]

1. d4 d5 2. Nf3 Nf6 3. c4 e6 4. e3 a6 5. Nc3 dxc4 6. Bxc4 b5 7. Bd3 Bb7 8. O-O
Nbd7 9. a4 b4 10. Ne2 Bd6 11. b3 e5 12. dxe5 Nxe5 13. Nxe5 Bxe5 14. Rb1 Qd5 15.
f3 Rd8 16. Bc2 Bxh2+ 17. Kxh2 Qh5+ 18. Kg1 Rxd1 19. Bxd1 Qe5 20. Bc2 Nd5 21. e4
Nc3 22. Nxc3 Qxc3 23. Rf2 Qe1+ 24. Rf1 1/2-1/2

[Event "11. Lichtenberger Sommer"]
[Site "Berlin"]
[Date "2012.08.26"]
[Round "9.54"]
[White "Richter, Götz"]
[Black "Schindler, Rudolf"]
[Result "1-0"]
[WhiteElo "2019"]
[BlackElo "1767"]
[PlyCount "79"]
[EventDate "2012.??.??"]
[WhiteTeam "Klub Kölner Schachfreunde e.V. 1"]
[BlackTeam "SG Lasker Steglitz-Wilmersdorf"]

1. e4 d6 2. d4 Nf6 3. Nc3 c6 4. g3 Nbd7 5. Bg2 e5 6. Nge2 Be7 7. O-O Qc7 8. b3
Nf8 9. Bb2 Ng6 10. Qd2 Bd7 11. Nd1 Qc8 12. f4 Bh3 13. f5 Bxg2 14. Kxg2 Nxe4 15.
Qe3 d5 16. fxg6 hxg6 17. Kh1 Qh3 18. Qg1 Nd2 19. Rf2 Ne4 20. Rg2 Ng5 21. Qe3
Ne6 22. dxe5 Bg5 23. Qf3 Rd8 24. Nf2 Qh7 25. Nd3 Be7 26. Bc1 g5 27. Be3 c5 28.
Rf1 O-O 29. Qg4 b6 30. Ng1 d4 31. Bd2 b5 32. Nf3 f5 33. exf6 Rxf6 34. Re1 Rd6
35. Rge2 Qg6 36. Nxc5 Nxc5 37. Rxe7 Ne6 38. Nxg5 Qxc2 39. Nxe6 Qc6+ 40. Kg1 1-0

[Event "11. Lichtenberger Sommer"]
[Site "Berlin"]
[Date "2012.08.26"]
[Round "9.56"]
[White "Meyer, Willfried"]
[Black "Schmidek, Emil"]
[Result "0-1"]
[WhiteElo "1807"]
[BlackElo "1836"]
[PlyCount "32"]
[EventDate "2012.??.??"]
[WhiteTeam "SC Zugzwang 95 e.V."]
[BlackTeam "TuS Makkabi Berlin e.V."]

1. e4 e5 2. Bc4 Nf6 3. d4 exd4 4. Nf3 Nc6 5. O-O Bc5 6. e5 d5 7. exf6 dxc4 8.
fxg7 Rg8 9. Re1+ Be6 10. Ng5 Qd5 11. Rxe6+ fxe6 12. Qh5+ Kd7 13. Qf7+ Be7 14.
Nxh7 Qe5 15. Nf8+ Raxf8 16. gxf8=N+ Rxf8 0-1

[Event "11. Lichtenberger Sommer"]
[Site "Berlin"]
[Date "2012.08.26"]
[Round "9.57"]
[White "Dreke, Frank"]
[Black "Rauscher, Joachim"]
[Result "0-1"]
[WhiteElo "2025"]
[BlackElo "1866"]
[PlyCount "42"]
[EventDate "2012.??.??"]
[WhiteTeam "Treptower SV 1949 e.V."]
[BlackTeam "SC Brett vor'm Kopp Ffm"]

1. e4 c5 2. d4 cxd4 3. c3 dxc3 4. Nxc3 Nc6 5. Nf3 e6 6. Bc4 a6 7. O-O b5 8. Bb3
Bc5 9. Qe2 Nge7 10. Bg5 f6 11. Bf4 Na5 12. e5 O-O 13. exf6 Rxf6 14. Bg5 Nxb3
15. Bxf6 Nxa1 16. Ne4 Qb6 17. Nfg5 g6 18. Nxc5 Qxc5 19. Ne4 Qc2 20. Qf3 Bb7 21.
Be5 Qxe4 0-1

[Event "11. Lichtenberger Sommer"]
[Site "Berlin"]
[Date "2012.08.26"]
[Round "9.58"]
[White "König, Frank"]
[Black "Casny, Guenter"]
[Result "1/2-1/2"]
[WhiteElo "1949"]
[BlackElo "1860"]
[PlyCount "150"]
[EventDate "2012.??.??"]
[WhiteTeam "BSG 1827 Eckbauer e.V."]
[BlackTeam "SC Rochade e.V."]

1. Nf3 Nf6 2. g3 b6 3. Bg2 Bb7 4. O-O e6 5. d3 d5 6. Nbd2 Nbd7 7. e4 dxe4 8.
Ng5 Be7 9. Ngxe4 Rb8 10. Nxf6+ Nxf6 11. Bxb7 Rxb7 12. Qf3 Rb8 13. Ne4 O-O 14.
Bf4 Rc8 15. Be5 Nd7 16. Bc3 Re8 17. h4 f5 18. Ng5 Bxg5 19. hxg5 Qxg5 20. Rae1
Nf6 21. Kg2 Nd5 22. Be5 Qg4 23. Qxg4 fxg4 24. a3 h5 25. Re4 c5 26. Rfe1 Rc6 27.
Ra4 a5 28. Re2 Kf7 29. Rae4 Kg6 30. a4 Nf6 31. R4e3 Re7 32. Re1 Nd7 33. Rh1 Re8
34. Rhe1 Nf6 35. Bf4 Nh7 36. Re5 Nf6 37. Rh1 Kf7 38. Rhe1 g6 39. R5e2 Nd5 40.
Be5 Ne7 41. Re4 Nf5 42. f3 gxf3+ 43. Kxf3 Ke7 44. Kf4 Nd6 45. R4e2 Nf7 46. Kf3
Nh6 47. Kg2 Ng4 48. Bf4 Rf8 49. Kh3 Rf5 50. Be5 Nxe5 51. Rxe5 Rxe5 52. Rxe5 Kf6
53. Re2 e5 54. g4 c4 55. gxh5 gxh5 56. Kh4 cxd3 57. cxd3 Ke6 58. Kxh5 Kd5 59.
Kg4 Rc1 60. Kf3 Rf1+ 61. Rf2 Ra1 62. Ke3 Rxa4 63. Kd2 Rf4 64. Rh2 Kd4 65. Rh6
Rf2+ 66. Kc1 Kxd3 67. Rd6+ Kc4 68. Rxb6 e4 69. Ra6 Kb5 70. Re6 Rf4 71. Kc2 a4
72. Re8 Rf2+ 73. Kc3 Rf4 74. Kd4 Rh4 75. Rb8+ Ka5 1/2-1/2

[Event "11. Lichtenberger Sommer"]
[Site "Berlin"]
[Date "2012.08.26"]
[Round "9.59"]
[White "Yuan, Yizheng"]
[Black "Engers, Felix"]
[Result "1-0"]
[WhiteElo "1895"]
[BlackElo "1767"]
[PlyCount "99"]
[EventDate "2012.??.??"]
[WhiteTeam "Sfrd. Berlin 1903 e.V."]
[BlackTeam "SC Zitadelle Spandau 1977 e.V."]

1. e4 c5 2. Nf3 d6 3. d4 cxd4 4. Nxd4 Nf6 5. Nc3 g6 6. Be3 Bg7 7. f3 O-O 8. Qd2
Nc6 9. O-O-O Nxd4 10. Bxd4 Be6 11. Kb1 Qc7 12. g4 Rfc8 13. h4 Qa5 14. a3 Rab8
15. Nd5 Qxd2 16. Rxd2 Nxd5 17. exd5 Bxd5 18. Bxg7 Bxf3 19. Rh3 Bxg4 20. Rg3
Kxg7 21. Rxg4 Rc7 22. c3 Rbc8 23. Kc2 Rc5 24. Rgd4 R8c7 25. Rd5 Rxd5 26. Rxd5
Rc5 27. Rxc5 dxc5 28. Kd3 f5 29. b4 e5 30. bxc5 Kf6 31. Ke3 h6 32. Bc4 g5 33.
hxg5+ hxg5 34. Bd5 b6 35. c6 Ke7 36. c7 f4+ 37. Ke4 Kd7 38. Kxe5 Kxc7 39. c4
Kd7 40. Kf5 Kd6 41. Kxg5 Kc5 42. Kxf4 b5 43. Ke4 bxc4 44. Bf7 Kb5 45. Be8+ Kc5
46. Ba4 a6 47. Be8 c3 48. Kd3 c2 49. Kxc2 Kc4 50. Bd7 1-0

[Event "11. Lichtenberger Sommer"]
[Site "Berlin"]
[Date "2012.08.26"]
[Round "9.61"]
[White "Lieder, Günter"]
[Black "Fischöder, Heiko"]
[Result "1/2-1/2"]
[WhiteElo "1862"]
[BlackElo "1970"]
[PlyCount "59"]
[EventDate "2012.??.??"]
[WhiteTeam "SK Turm Bad Hersfeld"]
[BlackTeam "Schachverein Unser Fritz Wanne-E"]

1. e4 c5 2. Nc3 Nc6 3. f4 e6 4. Nf3 g6 5. d3 Bg7 6. g3 Nge7 7. Bg2 Rb8 8. O-O
b5 9. Qe1 d6 10. Rb1 O-O 11. h3 d5 12. Kh2 h6 13. Bd2 b4 14. Nd1 c4 15. exd5
exd5 16. dxc4 dxc4 17. Ne3 Ba6 18. c3 Re8 19. Qc1 Qd3 20. Ng4 Nf5 21. Nf2 Qd6
22. Re1 Rxe1 23. Qxe1 bxc3 24. Bxc3 Bxc3 25. Qxc3 Re8 26. Rd1 Qb4 27. Qf6 Re6
28. Qc3 Qxc3 29. bxc3 Ne3 30. Rd7 1/2-1/2

[Event "11. Lichtenberger Sommer"]
[Site "Berlin"]
[Date "2012.08.26"]
[Round "9.62"]
[White "Harringer, Manfred"]
[Black "Zesewitz, Martin"]
[Result "1-0"]
[WhiteElo "1900"]
[BlackElo "1870"]
[PlyCount "101"]
[EventDate "2012.??.??"]
[WhiteTeam "vereinslos"]
[BlackTeam "SF Friedrichshagen"]

1. e4 c6 2. d4 d5 3. e5 Bf5 4. Ne2 e6 5. Ng3 Bg6 6. h4 h6 7. h5 Bh7 8. c3 Ne7
9. Bd3 Bxd3 10. Qxd3 Nd7 11. O-O c5 12. b4 cxd4 13. cxd4 Nc6 14. a3 Qb6 15. Bb2
Be7 16. Nd2 a6 17. Nb3 O-O 18. Bc3 Na7 19. Nc5 Rfd8 20. a4 Rac8 21. Ne2 Nc6 22.
Rfb1 Qa7 23. Rb3 Ncxe5 24. dxe5 Bxc5 25. bxc5 Nxc5 26. Qe3 Qb8 27. Rb4 Ne4 28.
Bd4 Rd7 29. f3 Ng5 30. Rab1 Rc4 31. Rxc4 dxc4 32. Qc3 Qc7 33. Rb4 Qa5 34. Rxc4
Qxc3 35. Rxc3 g6 36. Kf2 Nh7 37. Ke3 Nf8 38. g4 Rd5 39. Rc5 f5 40. Rxd5 exd5
41. Nf4 fxg4 42. fxg4 gxh5 43. gxh5 Kf7 44. Nxd5 b5 45. axb5 axb5 46. Ke4 Ne6
47. Nf4 Ng7 48. e6+ Nxe6 49. Nxe6 Kxe6 50. Bg7 b4 51. Bxh6 1-0

[Event "11. Lichtenberger Sommer"]
[Site "Berlin"]
[Date "2012.08.26"]
[Round "9.63"]
[White "Barwich, Andreas"]
[Black "Lübke, Thomas"]
[Result "1/2-1/2"]
[WhiteElo "1945"]
[BlackElo "1990"]
[PlyCount "21"]
[EventDate "2012.??.??"]
[WhiteTeam "SV Berolina Mitte e.V."]
[BlackTeam "FVS ASP Hoyerswerda"]

1. e4 e5 2. Bc4 Nf6 3. d3 Be7 4. Nf3 Nc6 5. Nc3 O-O 6. Bg5 d6 7. Qd2 Na5 8. Bb3
Nxb3 9. axb3 a6 10. h3 Be6 11. Bxf6 1/2-1/2

[Event "11. Lichtenberger Sommer"]
[Site "Berlin"]
[Date "2012.08.26"]
[Round "9.64"]
[White "Bandsom, Olaf"]
[Black "Walter, Günter"]
[Result "0-1"]
[WhiteElo "1800"]
[BlackElo "1983"]
[PlyCount "74"]
[EventDate "2012.??.??"]
[WhiteTeam "SC Friesen Lichtenberg e.V."]
[BlackTeam "TSG Oberschöneweide e.V."]

1. e4 e5 2. Nf3 Nc6 3. Bc4 Nf6 4. Ng5 d5 5. exd5 Na5 6. Bb5+ c6 7. dxc6 bxc6 8.
Qf3 Rb8 9. Bxc6+ Nxc6 10. Qxc6+ Nd7 11. Ne4 Rb6 12. Qc3 f5 13. Ng3 Bb4 14. Qd3
O-O 15. a3 Bc5 16. b4 Bd4 17. Qc4+ Kh8 18. c3 Ba6 19. Qa2 Bxf2+ 20. Kxf2 Qh4
21. Kg1 f4 22. d3 Bxd3 23. Nf1 Qe1 24. Qf2 Qxc1 25. h3 f3 26. gxf3 Bxb1 27. Kg2
Qg5+ 28. Ng3 Bd3 29. h4 Qf4 30. Rad1 e4 31. Kg1 Rg6 32. Rh3 Qxf3 33. Qxf3 Rxf3
34. Kh2 Nf6 35. Rd2 Ng4+ 36. Kg1 Ne5 37. Kh2 Kg8 0-1

[Event "11. Lichtenberger Sommer"]
[Site "Berlin"]
[Date "2012.08.26"]
[Round "9.65"]
[White "Bandlow, Matthias"]
[Black "Prix, Siegfried"]
[Result "1/2-1/2"]
[WhiteElo "1971"]
[BlackElo "1800"]
[PlyCount "108"]
[EventDate "2012.??.??"]
[WhiteTeam "SC Borussia Friedrichsfelde 1920"]
[BlackTeam "Sfrd. Berlin 1903 e.V."]

1. d4 d5 2. c4 c6 3. Nf3 Nf6 4. e3 Bf5 5. Bd3 Bxd3 6. Qxd3 dxc4 7. Qxc4 e6 8.
O-O Qd5 9. Qe2 Nbd7 10. Nc3 Qh5 11. e4 Be7 12. b3 O-O 13. Bb2 Rfe8 14. Rfd1
Rad8 15. Rac1 Nb6 16. a4 Bb4 17. Rd3 Nbd7 18. Na2 Bf8 19. b4 a6 20. Rb3 Qg4 21.
Nc3 h5 22. h3 Qg6 23. Rd1 b5 24. a5 Nh7 25. Bc1 Nhf6 26. Bf4 Rc8 27. Rc1 Qh7
28. Ne5 Nxe5 29. dxe5 Nd7 30. Rd1 Rc7 31. Na2 Rec8 32. Rbd3 Nb8 33. Rd8 c5 34.
Qd3 c4 35. Qd6 Rxd8 36. Qxd8 Rd7 37. Rxd7 Nxd7 38. Qxd7 Qxe4 39. Qd2 g6 40. Nc3
Qf5 41. Na2 Kh7 42. Bg3 Qb1+ 43. Kh2 Bh6 44. f4 Qf5 45. Nc3 h4 46. Ne2 hxg3+
47. Kxg3 Qxe5 48. Kf3 Qd5+ 49. Qxd5 exd5 50. Nc3 d4 51. Nxb5 Bf8 52. Nxd4 Bxb4
53. Nc6 Bd6 54. Ke3 Bc5+ 1/2-1/2

[Event "11. Lichtenberger Sommer"]
[Site "Berlin"]
[Date "2012.08.26"]
[Round "9.66"]
[White "Junge, Wolfgang"]
[Black "Kurbel, Horst-Peter"]
[Result "1-0"]
[WhiteElo "1799"]
[BlackElo "1865"]
[PlyCount "85"]
[EventDate "2012.??.??"]
[WhiteTeam "SC Friesen Lichtenberg e.V."]
[BlackTeam "FC Bayern München e.V."]

1. d4 Nf6 2. c4 d6 3. Nc3 Nbd7 4. e4 e5 5. d5 Nc5 6. Qc2 a5 7. Nf3 g6 8. Be3 b6
9. h3 Bg7 10. Be2 O-O 11. O-O-O Bd7 12. Rdg1 Nh5 13. g4 Nf4 14. Bf1 a4 15. Qd2
f5 16. gxf5 gxf5 17. Bxf4 exf4 18. Qxf4 fxe4 19. Qh6 Qf6 20. Rxg7+ Qxg7 21. Rg1
Qxg1 22. Nxg1 Rxf2 23. Be2 Rg2 24. Qe3 Rf8 25. Nd1 Nd3+ 26. Kb1 Nf2 27. Nxf2
Rfxf2 28. Kc2 Bxh3 29. Kc3 Bf5 30. b4 h5 31. c5 b5 32. cxd6 cxd6 33. Qb6 Rg3+
34. Kd4 Rxg1 35. Qxb5 Rg3 36. Qb8+ Kg7 37. Qxd6 Rg6 38. Qe7+ Kh6 39. Bb5 Rd2+
40. Ke5 Rg5 41. Qf8+ Kh7 42. Kf4 Rg4+ 43. Ke3 1-0

[Event "11. Lichtenberger Sommer"]
[Site "Berlin"]
[Date "2012.08.26"]
[Round "9.68"]
[White "Sappok, Marius"]
[Black "Boeck, Rüdiger"]
[Result "1-0"]
[WhiteElo "1977"]
[BlackElo "1845"]
[PlyCount "69"]
[EventDate "2012.??.??"]
[WhiteTeam "SC Pirmasens 1912"]
[BlackTeam "SC Weisse Dame Ulm e.V."]

1. d4 d5 2. c4 e6 3. Nf3 Nf6 4. g3 c5 5. cxd5 Nxd5 6. Bg2 cxd4 7. O-O Bc5 8.
Qc2 Qb6 9. a3 O-O 10. Ng5 Nf6 11. Nd2 h6 12. Nc4 Qc7 13. Bf4 Qe7 14. Ne4 Nxe4
15. Bxe4 Nd7 16. b4 e5 17. Nxe5 Bd6 18. Nxd7 Qxd7 19. Bxd6 Qxd6 20. Rfd1 Qb6
21. Qc5 Qxc5 22. bxc5 Rd8 23. e3 f5 24. Bc2 Kf7 25. exd4 Be6 26. Rab1 Rd7 27.
Ba4 Rc7 28. d5 Bd7 29. c6 bxc6 30. d6 Rcc8 31. Rb7 Rd8 32. Bxc6 Ke6 33. Rxd7
Rac8 34. Rxd8 Rxd8 35. d7 1-0

[Event "11. Lichtenberger Sommer"]
[Site "Berlin"]
[Date "2012.08.26"]
[Round "9.69"]
[White "Körner, Helmut"]
[Black "Jeremic, Nemanja"]
[Result "0-1"]
[WhiteElo "1936"]
[BlackElo "1649"]
[PlyCount "90"]
[EventDate "2012.??.??"]
[WhiteTeam "Sfr.Nord-Ost Berlin"]
[BlackTeam "BSC Rehberge 1945 e.V."]

1. b4 e5 2. Bb2 d6 3. e3 Nf6 4. c4 g6 5. d4 exd4 6. exd4 Bg7 7. Nf3 O-O 8. Be2
Bg4 9. O-O d5 10. h3 Bxf3 11. Bxf3 c6 12. Nd2 Nbd7 13. Qb3 dxc4 14. Nxc4 Nb6
15. Ne5 Nfd5 16. a4 Nd7 17. Nd3 N7f6 18. Rac1 Qd6 19. b5 cxb5 20. axb5 Rac8 21.
Ba3 Qd7 22. Bxf8 Rxf8 23. Ne5 Qd6 24. Rfd1 Nf4 25. Bxb7 Ne2+ 26. Kf1 Nxc1 27.
Rxc1 Qxd4 28. Nf3 Qb6 29. Ba6 Ne4 30. Qe3 Ng3+ 31. Ke1 Qa5+ 32. Nd2 Nf5 33. Qe2
Bh6 34. Rd1 Rd8 35. g4 Nd4 36. Qe4 Nxb5 37. Kf1 Nc3 38. Qc4 Nxd1 39. Ne4 Qb6
40. Qe2 Rd7 41. g5 Bg7 42. Nf6+ Bxf6 43. Qe8+ Kg7 44. gxf6+ Kxf6 45. Qxd7 Qxf2#
0-1

[Event "11. Lichtenberger Sommer"]
[Site "Berlin"]
[Date "2012.08.26"]
[Round "9.70"]
[White "Getzuhn, Detlef"]
[Black "Schneider, Eckehard"]
[Result "1/2-1/2"]
[WhiteElo "1904"]
[BlackElo "1795"]
[PlyCount "46"]
[EventDate "2012.??.??"]
[WhiteTeam "SV Senat e.V."]
[BlackTeam "Sfrd. Berlin 1903 e.V."]

1. e4 e6 2. d4 d5 3. exd5 exd5 4. Bd3 Bd6 5. h3 h6 6. Nf3 Nf6 7. O-O O-O 8. Ne5
Nc6 9. Nxc6 bxc6 10. c4 c5 11. cxd5 cxd4 12. Bb5 Bb7 13. Qxd4 Bxd5 14. Nc3 Bb7
15. Rd1 Qe7 16. Qe3 Qe5 17. Qxe5 Bxe5 18. Be3 a6 19. Bc4 Rfd8 20. Rac1 Rab8 21.
Ba7 Ra8 22. Be3 Rab8 23. Ba7 Ra8 1/2-1/2

[Event "11. Lichtenberger Sommer"]
[Site "Berlin"]
[Date "2012.08.26"]
[Round "9.71"]
[White "Lämmel, Claus-Peter"]
[Black "Bandlow, Reinhard"]
[Result "1-0"]
[WhiteElo "1580"]
[BlackElo "1983"]
[PlyCount "87"]
[EventDate "2012.??.??"]
[WhiteTeam "SV Cranzahl 1962"]
[BlackTeam "SV Bau-Union e.V."]

1. d4 Nf6 2. g3 g6 3. Bg2 Bg7 4. Nf3 O-O 5. O-O d6 6. Nbd2 Na6 7. Nb3 c6 8. c3
Rb8 9. Re1 Nc7 10. e4 a5 11. Nxa5 Bg4 12. Nb3 Qc8 13. Bd2 Rd8 14. Qc1 Bh3 15.
Bh1 Ne6 16. Ng5 Nxg5 17. Bxg5 Re8 18. f3 Be6 19. Qc2 h6 20. Bf4 Ra8 21. Bg2 g5
22. Be3 Ra6 23. Bf2 Qc7 24. Bf1 Ra4 25. Kg2 Rea8 26. a3 Qc8 27. Kg1 g4 28. f4
b5 29. Rac1 Qb7 30. e5 Bxb3 31. Qxb3 dxe5 32. dxe5 Nd7 33. e6 Nb6 34. exf7+ Kf8
35. Qe6 Rd8 36. Kh1 Rd6 37. Qxg4 Nd5 38. Bc5 Nf6 39. Qg6 Rd7 40. Bh3 Ra8 41.
Bxd7 Qxd7 42. Rxe7 Qxe7 43. Bxe7+ Kxe7 44. Qxg7 1-0

[Event "11. Lichtenberger Sommer"]
[Site "Berlin"]
[Date "2012.08.26"]
[Round "9.72"]
[White "Lang, Martin"]
[Black "Wierzbicki, Jirawat"]
[Result "0-1"]
[WhiteElo "1909"]
[BlackElo "1584"]
[PlyCount "46"]
[EventDate "2012.??.??"]
[WhiteTeam "SC Zugzwang 95 e.V."]
[BlackTeam "TuS Makkabi Berlin e.V."]

1. e4 e5 2. Nc3 Nf6 3. Bc4 Be7 4. d3 Nc6 5. a3 d6 6. Nge2 O-O 7. O-O Be6 8.
Bxe6 fxe6 9. Ng3 Qd7 10. Nce2 d5 11. exd5 exd5 12. f4 Rae8 13. fxe5 Nxe5 14. d4
Ng6 15. Qd3 Bd6 16. Nf5 Ne4 17. g4 c5 18. c4 cxd4 19. cxd5 Bc5 20. Nexd4 Qxd5
21. Be3 Ne5 22. Qe2 Ng5 23. Rad1 Nh3# 0-1

[Event "11. Lichtenberger Sommer"]
[Site "Berlin"]
[Date "2012.08.26"]
[Round "9.73"]
[White "Schubert, Joachim"]
[Black "Hesselbarth, Karlheinz"]
[Result "1-0"]
[WhiteElo "1771"]
[BlackElo "1793"]
[PlyCount "49"]
[EventDate "2012.??.??"]
[WhiteTeam "SC Friesen Lichtenberg e.V."]
[BlackTeam "SC Zugzwang 95 e.V."]

1. e4 e5 2. Nf3 Nc6 3. Bb5 a6 4. Ba4 d6 5. h3 Be7 6. c3 f5 7. exf5 Bxf5 8. O-O
Bd3 9. Re1 b5 10. Bc2 Bxc2 11. Qxc2 Nh6 12. d4 Nf7 13. c4 Nxd4 14. Nxd4 exd4
15. cxb5 O-O 16. bxa6 c5 17. Bf4 Qc7 18. Qc4 Kh8 19. Qe6 Rae8 20. Nd2 Nd8 21.
Qg4 Nc6 22. Nc4 Nb4 23. Re6 Nd3 24. Bg3 Ne5 25. Nxe5 1-0

[Event "11. Lichtenberger Sommer"]
[Site "Berlin"]
[Date "2012.08.26"]
[Round "9.74"]
[White "Dittrich, Hans-Georg"]
[Black "Baatz, Karl-Heinz"]
[Result "1/2-1/2"]
[WhiteElo "1748"]
[BlackElo "1807"]
[PlyCount "91"]
[EventDate "2012.??.??"]
[WhiteTeam "SG Blau-Weiß Stadtilm"]
[BlackTeam "SF Friedrichshagen"]

1. e4 Nf6 2. e5 Nd5 3. d4 d6 4. c4 Nb6 5. f4 g6 6. Nc3 Bg7 7. Nf3 O-O 8. Be3
Be6 9. b3 dxe5 10. fxe5 c5 11. d5 Bg4 12. h3 Bxe5 13. Rc1 Bg3+ 14. Ke2 Bxf3+
15. gxf3 N8d7 16. Ne4 Bd6 17. h4 Qc7 18. Bh3 Bf4 19. Qd2 Bxe3 20. Qxe3 Qe5 21.
Rcd1 a5 22. h5 g5 23. Qxg5+ Qxg5 24. Nxg5 h6 25. Ne4 Kh8 26. Rhg1 Rg8 27. Bf5
Rxg1 28. Rxg1 Rg8 29. Rg4 Rd8 30. Kd3 Ne5+ 31. Ke3 Nxg4+ 32. fxg4 Nd7 33. Bxd7
Rxd7 34. Nxc5 Rc7 35. Kd4 Kg7 36. a4 b6 37. Nd3 f6 38. Nf4 Kf7 39. Ne6 Rc8 40.
Ke4 Rg8 41. Kf5 Ra8 42. Nc7 Rg8 43. Ne6 Ke8 44. Kf4 Kd7 45. Kf5 Kd6 46. Kf4
1/2-1/2